| 000 | 00436nam a2200157Ia 4500 | ||
|---|---|---|---|
| 005 | 20240402010145.0 | ||
| 008 | 240331s9999 xx 000 0 und d | ||
| 082 |
_bHEN _a330. |
||
| 100 | _aHensman, R | ||
| 245 | 0 |
_aWorker's rights in a globalised world economy : _ba manual for activists _cRohini, Hensman. |
|
| 260 |
_aManchester. _bWomen working worldwide |
||
| 300 | _a52 p., | ||
| 650 | _aEconomy | ||
| 650 | _aRights | ||
| 942 | _cL | ||
| 999 |
_c2568 _d2568 |
||